00716nam a2200253 a 4500001001300000003000900013005001700022008004100039020001000080082001900090100002000109245004700129260003600176300000900212500003500221505001000256650001900266650003000285700002000315902000800335942000700343952009700350999001500447nice12345678IN_TiNIC20260116011521.0050524s1897 duba grp 000 0 eng  ac10000a266.00954bGOL aGoldie, Francis aFirst Christian Mission to the Great Mogul aDublinbM.H.Gill and Sonsc1897 a185p aincludes index and biblioraphy2 aIndex aMissions-India aMughal India-Christianity1 aGoldie, Francis bSRS cBK 00104070aHMIbHMId2007-07-11g100.00l0o266.00954 GOLp679r2007-07-11w2026-01-16yEB c2230d2230